MotoGP Sprint Winners - Statistics

General Stats
  • This quiz has been taken 18 times
  • The average score is 8 of 10
Answer Stats
Wins Country Rider % Correct
6 Spain Álex Márquez
100%
2 South Africa Brad Binder
100%
13 Italy Francesco Bagnaia
100%
18 Spain Jorge Martín
100%
17 Spain Marc Márquez
100%
4 Italy Marco Bezzecchi
80%
2 Italy Enea Bastianini
67%
2 Spain Maverick Viñales
67%
1 Spain Pedro Acosta
67%
2 Spain Aleix Espargaró
60%
No matching quizzes found
Score Distribution
Percent of People with Each Score
Percentile by Number Answered
Your Score History
You have not taken this quiz